Hogyan lehet, a heverő értékeket hasznosítani? látogatás a Szegedi Szülészeti és Nőgyógyászati Klinika laboratóriumában /

Elmentve itt :
Bibliográfiai részletek
Szerző: Lődi Ferenc
Dokumentumtípus: Cikk
Megjelent: 1956-05-23
Sorozat:Délmagyarország
Kulcsszavak:Gábor Miklós, Széll Árpád, Jung Sándor, Vadas György, Laboratóriumi műszergyártás újítások 1956
Online Access:http://dmarchiv.bibl.u-szeged.hu/78733
LEADER 00636nab a2200157 i 4500
001 delm78733
005 20180928084355.0
008 180928s1956 hu o 0|| hun d
040 |a SZTE Délmagyarország Archívum  |b hun 
041 |a hun 
100 1 |a Lődi Ferenc 
245 1 0 |a Hogyan lehet, a heverő értékeket hasznosítani?   |h [elektronikus dokumentum] :  |b látogatás a Szegedi Szülészeti és Nőgyógyászati Klinika laboratóriumában /  |c  Lődi Ferenc 
260 |c 1956-05-23 
300 |a 4 
490 0 |a Délmagyarország 
695 |a Gábor Miklós, Széll Árpád, Jung Sándor, Vadas György, Laboratóriumi műszergyártás újítások 1956